|
|
|
|
| LEADER |
00000nab a2200000 a 4500 |
| 001 |
vtls009528508 |
| 003 |
SK-MaSNL |
| 005 |
20260304210410.0 |
| 008 |
250507c2009 xo |||||||||||000 b|slo |
| 015 |
|
|
|a SNBRB2009/06
|2 snkbucl
|
| 035 |
|
|
|a (uuid)49be175a-818b-4e39-9500-d709bff613ce
|
| 035 |
|
|
|a urn:nbn:sk:snk-ab14jj
|
| 035 |
|
|
|a (urnnbn)urn:nbn:sk:snk:ar-a03nfj
|
| 038 |
|
|
|a SNKBUCL
|
| 040 |
|
|
|a SNKBUCL
|b slo
|c SNKBUCL
|e AACR2
|
| 041 |
0 |
|
|a slo
|
| 044 |
|
|
|a xo
|c SK
|
| 080 |
|
|
|a 628.477.6:621.798.147-036.5
|x (437.6)
|2 2001
|
| 080 |
|
|
|a 621.798.147-036.5
|2 2001
|
| 100 |
1 |
|
|a Luptáková, Ivana
|4 aut
|9 1116205
|
| 245 |
1 |
0 |
|a Úspešný projekt spoločnosti Slovenský hodváb, a.s., na recykláciu PET fliaš
|b v Senici vlani zhodnotili 5 200 ton PET fliaš
|c Ivana Luptáková
|
| 610 |
2 |
7 |
|a Slovenský hodváb (Senica, Slovensko)
|2 snkbucl
|9 52977
|
| 650 |
0 |
7 |
|a PET fľaše
|2 snkbucl
|9 29493
|
| 650 |
0 |
7 |
|a plastový odpad
|2 SNKPH
|9 29492
|
| 650 |
0 |
7 |
|a obalový odpad
|2 SNKPH
|9 71017
|
| 650 |
0 |
7 |
|a recyklácia odpadu
|2 SNKPH
|9 29450
|
| 651 |
|
7 |
|a Senica (Slovensko)
|2 snkbucl
|9 25102
|
| 773 |
0 |
|
|t Odpady
|g Roč. 9, č. 1 (2009), s. 16
|x 1335-7808
|
| 850 |
|
|
|a Slovenská národná knižnica
|
| 852 |
|
|
|a Slovenská národná knižnica
|
| 954 |
|
|
|a odborná, vedecká literatúra pôvodná (slovenská)
|2 lita
|
| 958 |
|
|
|a article2022
|
| 958 |
|
|
|a SK
|
| 958 |
|
|
|a OND
|
| 958 |
|
|
|a EUIPO
|
| 999 |
|
|
|c 3125921
|d 3127851
|